000 01056nam a22003257a 4500
003 CHAP
005 20220329133017.0
008 971013s1985 r 00010 d
010 _a1248
011 _a2220
035 _a1411
040 _cCHAP
082 _a574.5
_bS35
100 0 0 _aSaiz Moreno, Laureano.
_9101231
245 _aAnimales y contaminación biótica ambiental
260 _a[Madrid] :
_bInstituto de Estudios Agrarios, Pesqueros y Alimentarios,
_c1985
300 _a441 p.
490 _aSerie técnica. Folleto
500 _a40-249
590 _aBATCH-UPD
_b10
_c20130110
_lUCH01
_h1623
590 _aBATCH-UPD
_b10
_c20130410
_lUCH01
_h1014
590 _aBATCH-UPD
_b10
_c20130914
_lUCH01
_h1807
590 _aCONVERSION
_b10
_c20130109
_lUCH01
_h1302
650 1 4 _aAnimales
_xEfecto del medio ambiente.
_95860
650 1 4 _aMedio ambiente
_xContaminación.
_974069
830 0 0 _aSerie técnica. Folleto
_9105063
901 _aBK
942 _cLIBRO
949 _a574.5 S35
_bBC
_cLIBRO
_d33724000470662
_eLIBRO
_gI. c/e
_h77819
_i1411
_si
_t60.00
999 _c1248
_d1248